Opposing renewal under section 30(1)(f) (Record no. 60146)
[ view plain ]
| 000 -LEADER | |
|---|---|
| fixed length control field | 00962cam a2200229 4500 |
| 001 - CONTROL NUMBER | |
| control field | ABS61397 |
| 008 - FIXED-LENGTH DATA ELEMENTS--GENERAL INFORMATION | |
| fixed length control field | 000000n1999 000 0 eng u |
| 035 ## - SYSTEM CONTROL NUMBER | |
| System control number | (Sirsi) u100546 |
| 100 ## - MAIN ENTRY--PERSONAL NAME | |
| Personal name | King, V.M. |
| 245 ## - TITLE STATEMENT | |
| Title | Opposing renewal under section 30(1)(f) |
| 260 ## - PUBLICATION, DISTRIBUTION, ETC. | |
| Date of publication, distribution, etc. | 1999 |
| 490 ## - SERIES STATEMENT | |
| Series statement | Rent Review & Lease Renewal |
| Volume/sequential designation | (3) September 1999, 158-164(3) |
| 520 ## - SUMMARY, ETC. | |
| Summary, etc. | Analyses Landlord and Tenant Act 1954 s30(1)(f) and the meaning of the wording. For example, does the phrase 'on the termination of the current tenancy' mean on the expiry of the contractual term, the date included in the section 25 notice or section 26 request, or the date of the court hearing, or another date altogether? |
| 590 ## - LOCAL NOTE (RLIN) | |
| Local note | ABS |
| 650 ## - SUBJECT ADDED ENTRY--TOPICAL TERM | |
| Topical term or geographic name entry element | LANDLORD AND TENANT ACT 1954 S30(1)(F) |
| 650 ## - SUBJECT ADDED ENTRY--TOPICAL TERM | |
| Topical term or geographic name entry element | BUSINESS LEASES |
| 650 ## - SUBJECT ADDED ENTRY--TOPICAL TERM | |
| Topical term or geographic name entry element | LEASE RENEWAL |
| 650 ## - SUBJECT ADDED ENTRY--TOPICAL TERM | |
| Topical term or geographic name entry element | NEW TENANCIES |
| 650 ## - SUBJECT ADDED ENTRY--TOPICAL TERM | |
| Topical term or geographic name entry element | GROUNDS FOR OPPOSITION |
| 690 ## - LOCAL SUBJECT ADDED ENTRY--TOPICAL TERM (OCLC, RLIN) | |
| Topical term or geographic name as entry element | LANDLORD AND TENANT-BUSINESS TENANCIES |
| 942 ## - ADDED ENTRY ELEMENTS (KOHA) | |
| Suppress in OPAC | 0 |
| Withdrawn status | Lost status | Source of classification or shelving scheme | Damaged status | Not for loan | Home library | Current library | Shelving location | Date acquired | Total Checkouts | Full call number | Barcode | Date last seen | Copy number | Price effective from | Koha item type |
|---|---|---|---|---|---|---|---|---|---|---|---|---|---|---|---|
| Dewey Decimal Classification | London | London | Journal article | 19/10/1999 | ABS61397 | 100546-1001 | 06/08/2019 | 1 | 06/08/2019 | Journal article |